00353 a2200109 450000500170000002000180001708200160003510000140005124500940006526000540015930000300021320250314153025.0 a0-7735-0083-9 a338.187 MOO aMOORE, M. aHow Much Price Competition? The Prerequisites of an Effective Canadian Competition Policy aMontreal,bMcGill-Queens University Press,c1970. axiv, 217p.bIndex.c23cm.